000 01263nam a22003377a 4500
003 CHAP
005 20220329141722.0
008 971013s1985 r 00010 d
010 _a72768
011 _a73740
035 _a83298
040 _cCHAP
090 _aTesis
100 0 0 _aGarcía Escobar, José Arturo.
_945959
245 _aInducción e identificación de pseudo hermafroditas femeninos verdaderos en parvadas reproductivas de pollo de engorda mediante la aplicación de estrógenos
260 _a(Monterrey, N.L.) :
_bEl autor,
_c1985
300 _a35 h.
502 _aTesis (Ing. Agrónomo Zootecnista) -- ITESM. División de Ciencias Agropecuarias y Marítimas
590 _aALEPH
_b10
_c20130110
_lUCH01
_h1414
590 _aBATCH-UPD
_b10
_c20130110
_lUCH01
_h0749
590 _aBATCH-UPD
_b10
_c20130410
_lUCH01
_h0429
590 _aBATCH-UPD
_b10
_c20130914
_lUCH01
_h0449
590 _aBATCH-UPD
_b10
_c20130914
_lUCH01
_h2142
590 _aCONVERSION
_b10
_c20130109
_lUCH01
_h1340
650 1 4 _aAves de corral
_xGenética.
_98650
650 1 4 _aEstrógenos
_xEfecto en aves de corral.
_938478
650 1 4 _aHormonas
_xEfecto en animales domésticos.
_956236
901 _aBK
942 _cTESIS
949 _bBC
_cTES
_d-37791
_eTS1
_h17933
_i83298
_si
999 _c72768
_d72768